[Event "Planas mem"]
[Site "Kelowna CAN"]
[Date "2004.08.07"]
[Round "1.8"]
[White "Kelman, Sean"]
[Black "Whitman, Alan"]
[Result "0-1"]
[WhiteElo "1594"]
[BlackElo "1664"]
[PlyCount "74"]
[GameId "2160767911086364"]
[EventDate "2004.08.07"]
[EventType "swiss"]
[EventRounds "5"]
[EventCountry "CAN"]

1. e4 e6 2. d4 d5 3. e5 c5 4. c3 Nc6 5. Bb5 Bd7 6. Bxc6 Bxc6 7. Nf3 Ne7 8. O-O Qb6 9. b3 Nf5 10. Ba3 Be7 11. Qd3 cxd4 12. Bxe7 Kxe7 13. Rd1 dxc3 14. Nxc3 Rac8 15. Rab1 g6 16. Na4 Bxa4 17. bxa4 Qc7 18. Rdc1 Qxc1+ 19. Ne1 Qc7 20. Qa3+ Ke8 21. Nd3 b6 22. Rc1 Qd7 23. Rxc8+ Qxc8 24. a5 Qa6 25. g4 Ne7 26. Qa4+ Kd8 27. Nb4 Qc8 28. axb6 axb6 29. f4 h5 30. f5 hxg4 31. f6 Qc1+ 32. Kg2 Qd2+ 33. Kf1 Qf4+ 34. Ke1 Qxe5+ 35. Kd1 Qa1+ 36. Kc2 Rxh2+ 37. Kb3 Qb2# 0-1

[Event "Planas mem"]
[Site "Kelowna CAN"]
[Date "2004.08.07"]
[Round "1.9"]
[White "Kump, John"]
[Black "Steinke, Wally"]
[Result "0-1"]
[WhiteElo "997"]
[BlackElo "1663"]
[PlyCount "36"]
[GameId "2160767911086365"]
[EventDate "2004.08.07"]
[EventType "swiss"]
[EventRounds "5"]
[EventCountry "CAN"]

1. e4 e5 2. Nc3 Bc5 3. Nf3 Nc6 4. Bb5 Nf6 5. d3 O-O 6. Bg5 Nd4 7. Nd5 Nxb5 8. O-O d6 9. c4 Nd4 10. a3 Bg4 11. b4 Bb6 12. h3 Nxf3+ 13. gxf3 Bxh3 14. Nxf6+ gxf6 15. Bh6 Kh8 16. Bxf8 Qxf8 17. Re1 Qg7+ 18. Kh2 Qg2# 0-1

[Event "Planas mem"]
[Site "Kelowna CAN"]
[Date "2004.08.07"]
[Round "2.1"]
[White "Escandor, Manuel Omana"]
[Black "Neufahrt, Gerhard"]
[Result "0-1"]
[WhiteElo "1741"]
[BlackElo "2052"]
[PlyCount "122"]
[GameId "2160767911086366"]
[EventDate "2004.08.07"]
[EventType "swiss"]
[EventRounds "5"]
[EventCountry "CAN"]

1. e4 e5 2. Nf3 Nc6 3. Bc4 Nf6 4. Nc3 Be7 5. O-O d6 6. h3 Nxe4 7. Bxf7+ Kxf7 8. Nxe4 d5 9. Ng3 e4 10. Nh2 Rf8 11. d3 exd3 12. Qxd3 Kg8 13. Re1 Nb4 14. Qe2 Bc5 15. Nf3 Qf6 16. c3 Nc6 17. Bg5 Qd6 18. b4 Bb6 19. b5 Qxg3 20. Kf1 Rxf3 21. Qe8+ Rf8 22. Qxf8+ Kxf8 23. fxg3 Na5 24. Rad1 c6 25. Rd3 Bd7 26. Rf3+ Kg8 27. Re7 Be8 28. bxc6 bxc6 29. Re6 Bg6 30. Be3 Nc4 31. Bc1 Be4 32. Rf4 Ne3+ 33. Bxe3 Bxe3 34. Rfxe4 dxe4 35. Ke2 Kf7 36. Rxc6 Bb6 37. c4 Ke7 38. c5 Kd7 39. Rd6+ Kc7 40. Re6 Bxc5 41. Rxe4 Rb8 42. Rf4 Re8+ 43. Kd1 Rf8 44. Rc4 Kb6 45. Rg4 g6 46. Rh4 Rf1+ 47. Kc2 Rf2+ 48. Kb3 Rxg2 49. g4 g5 50. Rxh7 Rg3+ 51. Kc2 Kb5 52. Rg7 Kc4 53. Rxg5 Rg2+ 54. Kb1 a5 55. Rf5 a4 56. Rf4+ Bd4 57. h4 Rb2+ 58. Kc1 Rxa2 59. Rf3 a3 60. Rf7 Rg2 61. Rc7+ Kd3 0-1

[Event "Planas mem"]
[Site "Kelowna CAN"]
[Date "2004.08.07"]
[Round "2.2"]
[White "Phonchiangkwong, Sumon Chai"]
[Black "Labik, Peter"]
[Result "1-0"]
[WhiteElo "1936"]
[BlackElo "1697"]
[PlyCount "46"]
[GameId "2160767911086367"]
[EventDate "2004.08.07"]
[EventType "swiss"]
[EventRounds "5"]
[EventCountry "CAN"]

1. e4 e5 2. Nf3 f5 3. exf5 d6 4. Bc4 Bxf5 5. O-O Be7 6. Nc3 Nc6 7. Re1 Na5 8. Bxg8 Rxg8 9. d4 Qd7 10. dxe5 O-O-O 11. Qd5 Nc6 12. e6 Qe8 13. Qxf5 Rf8 14. Qh3 h6 15. Nd5 g5 16. Be3 Qg6 17. Nd4 Rde8 18. Nxc6 bxc6 19. Nxe7+ Rxe7 20. Bxa7 c5 21. Qb3 Rxe6 22. Qxe6+ Qxe6 23. Rxe6 Kb7 1-0

[Event "Planas mem"]
[Site "Kelowna CAN"]
[Date "2004.08.07"]
[Round "2.3"]
[White "Whitman, Alan"]
[Black "Lee, Mau Seng"]
[Result "0-1"]
[WhiteElo "1664"]
[BlackElo "1930"]
[PlyCount "52"]
[GameId "2160767911086368"]
[EventDate "2004.08.07"]
[EventType "swiss"]
[EventRounds "5"]
[EventCountry "CAN"]

1. e4 c5 2. c3 d6 3. d4 cxd4 4. cxd4 e6 5. Nc3 a6 6. Nf3 Be7 7. Be2 Nf6 8. O-O O-O 9. b3 b5 10. e5 dxe5 11. dxe5 Nfd7 12. Ne4 Bb7 13. Nd6 Bd5 14. Bb2 Nc6 15. Re1 Ncxe5 16. Nxe5 Nxe5 17. Bxe5 Bxd6 18. Bxd6 Qxd6 19. Rc1 Rac8 20. Qd2 Qb6 21. Rc2 Qb7 22. f3 Rxc2 23. Qxc2 Rc8 24. Qd2 Qb6+ 25. Kf1 Qc7 26. Bd3 Qxh2 0-1

[Event "Planas mem"]
[Site "Kelowna CAN"]
[Date "2004.08.07"]
[Round "2.4"]
[White "Steinke, Wally"]
[Black "Tomashewski, Peter"]
[Result "1/2-1/2"]
[WhiteElo "1663"]
[BlackElo "1776"]
[PlyCount "66"]
[GameId "2160767911086369"]
[EventDate "2004.08.07"]
[EventType "swiss"]
[EventRounds "5"]
[EventCountry "CAN"]

1. e4 d5 2. exd5 Qxd5 3. c4 Qd8 4. Nf3 Nf6 5. d4 c6 6. Nc3 Bf5 7. Bd3 Bxd3 8. Qxd3 e6 9. Bg5 Be7 10. O-O Nbd7 11. Rfe1 O-O 12. Rad1 Nb6 13. Ne5 Nfd7 14. Bxe7 Qxe7 15. d5 Nxe5 16. Rxe5 Rad8 17. Qe2 Nd7 18. Re3 e5 19. Re4 f5 20. dxc6 bxc6 21. Red4 e4 22. f3 Nc5 23. Rxd8 Rxd8 24. Rxd8+ Qxd8 25. fxe4 fxe4 26. Nxe4 Qe7 27. Nf6+ Qxf6 28. Qe8+ Qf8 29. Qxc6 Qe7 30. Qd5+ Kf8 31. Qf5+ Kg8 32. Qd5+ Kf8 33. Qf5+ Kg8 1/2-1/2

[Event "Planas mem"]
[Site "Kelowna CAN"]
[Date "2004.08.07"]
[Round "2.5"]
[White "Churchill, Sam"]
[Black "Raymer, Evan"]
[Result "1/2-1/2"]
[WhiteElo "1599"]
[BlackElo "1602"]
[PlyCount "77"]
[GameId "2160767911086370"]
[EventDate "2004.08.07"]
[EventType "swiss"]
[EventRounds "5"]
[EventCountry "CAN"]

1. e4 c5 2. c3 d6 3. d4 Nf6 4. dxc5 Nxe4 5. cxd6 Nxd6 6. Bf4 e6 7. Nf3 Be7 8. Bd3 b6 9. Nbd2 Bb7 10. O-O Nd7 11. Qc2 h6 12. Rad1 Nc5 13. Bxd6 Bxd6 14. Bb5+ Ke7 15. Nc4 Bd5 16. Nfe5 Bxe5 17. Nxe5 Qc7 18. Rfe1 Rhd8 19. Qh7 Kf6 20. Ng4+ Ke7 21. Qxg7 Qf4 22. Rd4 Qf5 23. Nxh6 Qh5 24. Re5 Qg6 25. Qxg6 fxg6 26. Ng4 Rac8 27. a3 a6 28. Bf1 Nb3 29. Rd1 Bc6 30. Ree1 Nd2 31. Ne5 Ba4 32. b3 Bxb3 33. Rc1 Nxf1 34. Kxf1 Bc4+ 35. Kg1 Kf6 36. Rb1 b5 37. Re3 Rd2 38. Rbe1 Bd5 39. Nd7+ 1/2-1/2

[Event "Planas mem"]
[Site "Kelowna CAN"]
[Date "2004.08.07"]
[Round "2.8"]
[White "Rice, Grant"]
[Black "Beggs, Fred"]
[Result "0-1"]
[WhiteElo "1659"]
[BlackElo "1657"]
[PlyCount "106"]
[GameId "2160767911086371"]
[EventDate "2004.08.07"]
[EventType "swiss"]
[EventRounds "5"]
[EventCountry "CAN"]

1. e4 e5 2. Nf3 d6 3. d4 Bg4 4. Bc4 Nf6 5. h3 Bxf3 6. Qxf3 Nc6 7. Qb3 Nxd4 8. Qa4+ c6 9. c3 b5 10. Qd1 bxc4 11. cxd4 Nxe4 12. dxe5 Qa5+ 13. Bd2 Qxe5 14. O-O Qd4 15. Qf3 d5 16. Re1 Be7 17. Nc3 O-O 18. Nxe4 dxe4 19. Qxe4 Qxd2 20. Re2 Qd5 21. Qxe7 a5 22. Rc1 g6 23. Rec2 Rfe8 24. Qc7 Qb5 25. Qf4 c3 26. b3 Re2 27. Rxc3 Rxa2 28. Rxc6 Ra1 29. Rxa1 Qxc6 30. Qc4 Qxc4 31. bxc4 Kf8 32. Kf1 Ke8 33. Ke2 Kd7 34. Kd3 Kc6 35. Kd4 a4 36. c5 a3 37. Kc4 a2 38. Kd4 Ra4+ 39. Kc3 Kxc5 40. Kb3 Ra7 41. Rc1+ Kd5 42. Rd1+ Ke5 43. Re1+ Kf5 44. Ra1 h5 45. Kc3 g5 46. Kd3 Ra3+ 47. Kc4 Kg6 48. Kb4 Ra7 49. Kc3 f5 50. Kd4 f4 51. Kc4 Kf5 52. Kb3 Ke4 53. Re1+ Kd3 0-1

[Event "Planas mem"]
[Site "Kelowna CAN"]
[Date "2004.08.07"]
[Round "2.9"]
[White "Demers, Darwin"]
[Black "Kump, John"]
[Result "1-0"]
[WhiteElo "1563"]
[BlackElo "997"]
[PlyCount "65"]
[GameId "2160767911086372"]
[EventDate "2004.08.07"]
[EventType "swiss"]
[EventRounds "5"]
[EventCountry "CAN"]

1. Nf3 e6 2. c4 Bc5 3. e3 Nc6 4. b3 Nf6 5. g3 Ne4 6. Bg2 O-O 7. d4 Bb4+ 8. Bd2 d5 9. Bxb4 Nxb4 10. a3 Nc6 11. cxd5 exd5 12. b4 Bg4 13. h3 Bxf3 14. Bxf3 Re8 15. Qd3 a5 16. b5 Na7 17. Bxe4 dxe4 18. Qb3 c6 19. a4 Qd7 20. Nc3 Re6 21. Rd1 f5 22. d5 Rd6 23. dxc6+ Qf7 24. Qxf7+ Kxf7 25. Rxd6 Ke7 26. Rd7+ Ke8 27. Rxb7 Kf8 28. O-O Kg8 29. Rd1 g6 30. Rdd7 Rf8 31. Rxa7 h5 32. Rg7+ Kh8 33. Rh7+ 1-0

[Event "Planas mem"]
[Site "Kelowna CAN"]
[Date "2004.08.07"]
[Round "3.1"]
[White "Neufahrt, Gerhard"]
[Black "Phonchiangkwong, Sumon Chai"]
[Result "1/2-1/2"]
[WhiteElo "2052"]
[BlackElo "1936"]
[PlyCount "52"]
[GameId "2160767911086373"]
[EventDate "2004.08.07"]
[EventType "swiss"]
[EventRounds "5"]
[EventCountry "CAN"]

1. d4 f5 2. Bf4 Nf6 3. e3 b6 4. Nf3 Bb7 5. c4 e6 6. Nc3 Be7 7. d5 O-O 8. dxe6 dxe6 9. Qxd8 Bxd8 10. O-O-O Na6 11. Ne5 Nc5 12. f3 Nh5 13. Nb5 Nxf4 14. exf4 a6 15. Nd4 a5 16. Nb5 Rc8 17. Be2 Ba6 18. Na7 Ra8 19. Nac6 Bf6 20. Nd7 Nxd7 21. Rxd7 Rf7 22. Re1 Raf8 23. Ne5 Bxe5 24. fxe5 Bc8 25. Rxf7 Kxf7 26. f4 Ke7 1/2-1/2

[Event "Planas mem"]
[Site "Kelowna CAN"]
[Date "2004.08.07"]
[Round "3.2"]
[White "Lee, Mau Seng"]
[Black "Steinke, Wally"]
[Result "0-1"]
[WhiteElo "1930"]
[BlackElo "1663"]
[PlyCount "46"]
[GameId "2160767911086374"]
[EventDate "2004.08.07"]
[EventType "swiss"]
[EventRounds "5"]
[EventCountry "CAN"]

1. Nf3 Nc6 2. Nc3 Nf6 3. d4 d5 4. h3 Bf5 5. a3 e6 6. e3 Be7 7. Be2 h6 8. b4 O-O 9. g4 Be4 10. Nxe4 Nxe4 11. Bb2 Bf6 12. Bd3 Qe7 13. Nd2 e5 14. Bxe4 exd4 15. Bxd5 dxe3 16. Bxf6 exd2+ 17. Kxd2 Qxf6 18. Qf3 Rad8 19. Qxf6 Rxd5+ 20. Ke3 Re8+ 21. Kf4 gxf6 22. c4 Rd4+ 23. Kf5 Re5+ 0-1

[Event "Planas mem"]
[Site "Kelowna CAN"]
[Date "2004.08.07"]
[Round "3.3"]
[White "Raymer, Evan"]
[Black "Escandor, Manuel Omana"]
[Result "0-1"]
[WhiteElo "1602"]
[BlackElo "1741"]
[PlyCount "48"]
[GameId "2160767911086375"]
[EventDate "2004.08.07"]
[EventType "swiss"]
[EventRounds "5"]
[EventCountry "CAN"]

1. e4 e5 2. Nf3 Nc6 3. Bc4 Bc5 4. d3 h6 5. Nc3 Nf6 6. a3 a6 7. Be3 Qe7 8. O-O O-O 9. h3 Rd8 10. Qd2 Kh7 11. Bxc5 Qxc5 12. Bxf7 Rf8 13. Bd5 Qe7 14. Bxc6 dxc6 15. Rad1 Nh5 16. Ne2 Bxh3 17. gxh3 Rxf3 18. Kg2 Raf8 19. Ng3 Qh4 20. Qe1 R8f6 21. Rg1 Rxf2+ 22. Qxf2 Rxf2+ 23. Kxf2 Qf4+ 24. Ke2 Nxg3+ 0-1

[Event "Planas mem"]
[Site "Kelowna CAN"]
[Date "2004.08.07"]
[Round "3.5"]
[White "Marshall, Jim"]
[Black "Demers, Darwin"]
[Result "1-0"]
[WhiteElo "1654"]
[BlackElo "1563"]
[PlyCount "74"]
[GameId "2160767911086376"]
[EventDate "2004.08.07"]
[EventType "swiss"]
[EventRounds "5"]
[EventCountry "CAN"]

1. Nf3 Nf6 2. g3 c6 3. Bg2 d6 4. d3 e6 5. e4 Qc7 6. O-O Be7 7. Re1 e5 8. b3 Bg4 9. Nbd2 Nbd7 10. Bb2 O-O 11. Nf1 Rae8 12. Ne3 Bh5 13. Nf5 Bd8 14. Qd2 Bxf3 15. Bxf3 h6 16. Bg2 Kh7 17. Bc1 Ng8 18. f4 Re6 19. Qf2 Bf6 20. Qxa7 exf4 21. Bxf4 Bxa1 22. Rxa1 Nb6 23. Bxd6 Rxd6 24. Nxd6 Ra8 25. Qxb7 Qxb7 26. Nxb7 Rc8 27. Nc5 Ne7 28. a4 g6 29. a5 Na8 30. Nd7 Rc7 31. Nb6 Ra7 32. Nxa8 Rxa8 33. d4 Kg7 34. b4 Nc8 35. e5 Na7 36. c4 Kf8 37. b5 Rc8 1-0

[Event "Planas mem"]
[Site "Kelowna CAN"]
[Date "2004.08.07"]
[Round "3.6"]
[White "Kelman, Sean"]
[Black "Churchill, Sam"]
[Result "0-1"]
[WhiteElo "1594"]
[BlackElo "1599"]
[PlyCount "70"]
[GameId "2160767911086377"]
[EventDate "2004.08.07"]
[EventType "swiss"]
[EventRounds "5"]
[EventCountry "CAN"]

1. e4 Nf6 2. e5 Nd5 3. d4 d6 4. f4 dxe5 5. fxe5 Nc6 6. Nf3 Bg4 7. Be2 e6 8. h3 Bxf3 9. Bxf3 Qh4+ 10. Kf1 Qxd4 11. Qxd4 Nxd4 12. Be4 O-O-O 13. Be3 Nxe3+ 14. Kf2 Nexc2 15. Nc3 Nxa1 16. Rxa1 Bb4 17. Na4 Nb5 18. a3 Ba5 19. Nc5 Bb6 20. b4 Bxc5+ 21. bxc5 c6 22. g4 Rd2+ 23. Ke1 Rhd8 24. Bxh7 g6 25. h4 Rh2 26. h5 gxh5 27. gxh5 Rxh5 28. Bc2 Rxe5+ 29. Kf1 Rd2 30. Bb3 Rh5 31. Kg1 Nd4 32. Bd1 Ne2+ 33. Kf1 Rh1+ 34. Kf2 Nc3+ 35. Ke3 Rdxd1 0-1

[Event "Planas mem"]
[Site "Kelowna CAN"]
[Date "2004.08.07"]
[Round "3.7"]
[White "Beggs, Fred"]
[Black "Jay, Joe"]
[Result "0-1"]
[WhiteElo "1657"]
[BlackElo "1654"]
[PlyCount "68"]
[GameId "2160767911086378"]
[EventDate "2004.08.07"]
[EventType "swiss"]
[EventRounds "5"]
[EventCountry "CAN"]

1. Nf3 Nf6 2. c4 d5 3. cxd5 Nxd5 4. e4 Nf6 5. e5 Nd5 6. d4 e6 7. a3 Be7 8. Bc4 c6 9. O-O O-O 10. Nc3 Nd7 11. b4 N7b6 12. Bxd5 exd5 13. Ne2 Bg4 14. Ng3 Nc4 15. Qd3 h6 16. h3 Be6 17. Ne1 a5 18. f4 axb4 19. f5 Bd7 20. Nc2 f6 21. e6 Be8 22. a4 c5 23. Kh1 Rxa4 24. Rxa4 Bxa4 25. Ne3 Nxe3 26. Bxe3 c4 27. Qb1 Qc7 28. Ne2 c3 29. Nc1 Qc4 30. Rf2 Bd6 31. g4 Bg3 32. Rg2 Bd6 33. h4 Bd1 34. Rg1 Bf3+ 0-1

[Event "Planas mem"]
[Site "Kelowna CAN"]
[Date "2004.08.07"]
[Round "3.8"]
[White "Raymer, Elliot"]
[Black "Rice, Grant"]
[Result "1-0"]
[WhiteElo "1543"]
[BlackElo "1659"]
[PlyCount "55"]
[GameId "2160767911086379"]
[EventDate "2004.08.07"]
[EventType "swiss"]
[EventRounds "5"]
[EventCountry "CAN"]

1. e4 c5 2. d4 cxd4 3. c3 dxc3 4. Nxc3 Nc6 5. Bc4 e6 6. Nf3 Bb4 7. O-O Bxc3 8. bxc3 h6 9. Nd4 Nge7 10. Nb5 O-O 11. Bf4 e5 12. Bg3 a6 13. Nd6 b5 14. Bd5 Qb6 15. Bxc6 dxc6 16. Bxe5 Ng6 17. Bg3 Be6 18. Kh1 Ra7 19. f4 Bc4 20. Nxc4 bxc4 21. Bf2 c5 22. Qd5 Rc7 23. f5 Nf4 24. Qxc4 Qb7 25. Bg3 g5 26. fxg6 Nxg6 27. Bxc7 Qxc7 28. Rf6 1-0

[Event "Planas mem"]
[Site "Kelowna CAN"]
[Date "2004.08.08"]
[Round "4.1"]
[White "Steinke, Wally"]
[Black "Neufahrt, Gerhard"]
[Result "0-1"]
[WhiteElo "1663"]
[BlackElo "2052"]
[PlyCount "51"]
[GameId "2160767911086380"]
[EventDate "2004.08.07"]
[EventType "swiss"]
[EventRounds "5"]
[EventCountry "CAN"]

1. e4 g6 2. d4 c6 3. f4 d5 4. e5 h5 5. Nf3 Nh6 6. b3 Bg4 7. Be2 e6 8. Nbd2 Bb4 9. Bb2 Nf5 10. Kf2 Qa5 11. h3 Bxd2 12. Nxd2 Bxe2 13. Qxe2 a6 14. Qd3 c5 15. Bc3 Qb6 16. Nf3 Nc6 17. Rhd1 Rc8 18. Rac1 cxd4 19. Nxd4 Qc5 20. Kf1 Ng3+ 21. Ke1 Ne4 22. Bb2 Qa5+ 23. c3 Qxa2 24. Rc2 Nxd4 25. cxd4 Qa5+ 26. Bc3 0-1

[Event "Planas mem"]
[Site "Kelowna CAN"]
[Date "2004.08.08"]
[Round "4.2"]
[White "Phonchiangkwong, Sumon Chai"]
[Black "Lee, Mau Seng"]
[Result "1-0"]
[WhiteElo "1936"]
[BlackElo "1930"]
[PlyCount "85"]
[GameId "2160767911086381"]
[EventDate "2004.08.07"]
[EventType "swiss"]
[EventRounds "5"]
[EventCountry "CAN"]

1. e4 e6 2. d4 b6 3. Bd3 Bb7 4. Ne2 d6 5. O-O Nf6 6. f3 Nbd7 7. c4 e5 8. Be3 Be7 9. Nbc3 O-O 10. Rc1 Re8 11. Nd5 Bf8 12. b4 c5 13. bxc5 dxc5 14. Nxf6+ Qxf6 15. d5 Bd6 16. Nc3 Nf8 17. Bc2 Ng6 18. Nb5 Red8 19. g3 a6 20. Nc3 Bc8 21. Qd2 Qe7 22. Rb1 Bc7 23. Na4 Bh3 24. Rf2 Rab8 25. Qc1 Bd7 26. Qa3 Bxa4 27. Bxa4 Bd6 28. Bc6 Qa7 29. Rbb2 Ne7 30. Bb5 a5 31. f4 exf4 32. gxf4 f6 33. Qc3 Ng6 34. Rf1 Rb7 35. Bc6 Re7 36. Qd3 Qc7 37. Rbf2 Nf8 38. e5 fxe5 39. fxe5 Bxe5 40. d6 Bxd6 41. Bd5+ Ne6 42. Qf5 Rde8 43. Qf8+ 1-0

[Event "Planas mem"]
[Site "Kelowna CAN"]
[Date "2004.08.08"]
[Round "4.3"]
[White "Escandor, Manuel Omana"]
[Black "Kindret, Mike"]
[Result "1/2-1/2"]
[WhiteElo "1741"]
[BlackElo "1849"]
[PlyCount "134"]
[GameId "2160767911086382"]
[EventDate "2004.08.07"]
[EventType "swiss"]
[EventRounds "5"]
[EventCountry "CAN"]

1. e4 c5 2. Nc3 Nc6 3. Nf3 d6 4. h3 a6 5. a4 Nf6 6. Bc4 e6 7. O-O Nd7 8. d3 Nb6 9. Bb3 Na5 10. Ba2 Bd7 11. b3 g6 12. Bg5 f6 13. Bd2 Nc6 14. Ne2 Nb4 15. Bb1 Bg7 16. Bc3 a5 17. Nf4 Kf7 18. Bb2 e5 19. Ne2 Be6 20. c3 Nc6 21. d4 cxd4 22. cxd4 exd4 23. Nexd4 Bd7 24. Nb5 Nc8 25. Nxd6+ Nxd6 26. Qxd6 Be6 27. Qd1 Qb6 28. Nd2 Rhd8 29. Qc1 Rac8 30. Nc4 Qa7 31. Qf4 Nd4 32. Nd6+ Kg8 33. Nxc8 Rxc8 34. Qe3 Nc6 35. Qf3 Ne5 36. Qd1 Qb6 37. Bd4 Qc7 38. Bd3 Nxd3 39. Qxd3 Qf7 40. Rab1 Rd8 41. Qe3 h5 42. Rfc1 Kh7 43. Bb6 Rd7 44. Rc5 f5 45. e5 f4 46. Qc3 Qf5 47. Rc1 Rd3 48. Qxa5 f3 49. R5c3 fxg2 50. Rxd3 Qxd3 51. Qc3 Qd5 52. Bd4 Qxb3 53. Qxb3 Bxb3 54. a5 Bd5 55. Rc7 Kh6 56. Rc5 Bf3 57. Rc3 Bd5 58. f3 g5 59. Kf2 Kg6 60. Rc1 Kf5 61. Rg1 g4 62. hxg4+ hxg4 63. fxg4+ Kxg4 64. Rc1 Kh3 65. Re1 Bh6 66. Kg1 Bd2 67. Ra1 Bf4 1/2-1/2

[Event "Planas mem"]
[Site "Kelowna CAN"]
[Date "2004.08.08"]
[Round "4.5"]
[White "Churchill, Sam"]
[Black "Whitman, Alan"]
[Result "0-1"]
[WhiteElo "1599"]
[BlackElo "1664"]
[PlyCount "82"]
[GameId "2160767911086383"]
[EventDate "2004.08.07"]
[EventType "swiss"]
[EventRounds "5"]
[EventCountry "CAN"]

1. e4 e6 2. d4 d5 3. Nc3 Nf6 4. e5 Nfd7 5. f4 c5 6. Nf3 Nc6 7. Be3 c4 8. g4 Nb6 9. h4 Bd7 10. Ne2 Be7 11. Ng3 g6 12. c3 Qc7 13. f5 exf5 14. gxf5 gxf5 15. Ng5 Be6 16. Qh5 O-O-O 17. Bh3 Rdf8 18. Bxf5 Bxg5 19. Bxg5 Ne7 20. Rf1 Nxf5 21. Nxf5 Na4 22. Nd6+ Kb8 23. Rb1 Nb6 24. Rf4 Nc8 25. Nxc8 Kxc8 26. Kf2 Qd7 27. b3 Bf5 28. Rb2 Bg6 29. Qf3 h6 30. Bf6 Be4 31. Qe3 Rhg8 32. Kf1 cxb3 33. axb3 h5 34. Bg5 Rg6 35. c4 Ra6 36. Kf2 Rg8 37. Qc3 Kb8 38. Qg3 Ka8 39. Ke3 Rgg6 40. Qf2 Qh3+ 41. Kd2 Qd3+ 0-1

[Event "Planas mem"]
[Site "Kelowna CAN"]
[Date "2004.08.08"]
[Round "4.6"]
[White "Labik, Peter"]
[Black "Raymer, Evan"]
[Result "0-1"]
[WhiteElo "1697"]
[BlackElo "1602"]
[PlyCount "112"]
[GameId "2160767911086384"]
[EventDate "2004.08.07"]
[EventType "swiss"]
[EventRounds "5"]
[EventCountry "CAN"]

1. e4 c5 2. c3 Nf6 3. e5 Nd5 4. d4 cxd4 5. cxd4 e6 6. a3 Nc6 7. Nf3 Be7 8. Bd3 b6 9. Nc3 Nxc3 10. bxc3 Qc7 11. O-O Bb7 12. Ng5 h6 13. Ne4 Na5 14. Qg4 g6 15. Bf4 h5 16. Qg3 h4 17. Qg4 O-O-O 18. Nd6+ Bxd6 19. exd6 Qc6 20. Be2 Kb8 21. Be5 Rh5 22. Bf3 Qxc3 23. Bxb7 Kxb7 24. Rac1 Qxa3 25. Rc7+ Kb8 26. Bf6 Rc8 27. Rxd7 h3 28. Be5 hxg2 29. Qxg2 Nc6 30. Rxf7 Nd8 31. Rb7+ Nxb7 32. d7+ Rc7 33. Qxg6 Rxe5 34. Qe8+ Nd8 35. dxe5 Qd3 36. Qxd8+ Kb7 37. Qe7 Qxd7 38. Qd6 Qxd6 39. exd6 Rd7 40. Rd1 a5 41. h4 b5 42. h5 Kc6 43. h6 b4 44. Rc1+ Kb6 45. Rc7 Rxd6 46. h7 Rd8 47. Rd7 Rh8 48. Rd6+ Kc5 49. Rxe6 Rxh7 50. Re5+ Kb6 51. f4 b3 52. Re3 a4 53. Re4 Kb5 54. Re5+ Kb4 55. Re4+ Ka3 56. Re3 Ka2 0-1

[Event "Planas mem"]
[Site "Kelowna CAN"]
[Date "2004.08.08"]
[Round "4.7"]
[White "Jay, Joe"]
[Black "Raymer, Elliot"]
[Result "1-0"]
[WhiteElo "1654"]
[BlackElo "1543"]
[PlyCount "85"]
[GameId "2160767911086385"]
[EventDate "2004.08.07"]
[EventType "swiss"]
[EventRounds "5"]
[EventCountry "CAN"]

1. d4 Nf6 2. c4 c5 3. Nf3 d6 4. Nc3 cxd4 5. Nxd4 g6 6. e4 Bg7 7. Bd3 Qb6 8. Nde2 Nc6 9. O-O O-O 10. Rb1 Ng4 11. Nd5 Qd8 12. h3 Nge5 13. b3 e6 14. Ne3 Nb4 15. Bc2 Qe7 16. a3 Nxc2 17. Nxc2 b6 18. Bf4 Rd8 19. Nb4 Bb7 20. Qc2 Rac8 21. Rfd1 a5 22. Na2 b5 23. f3 bxc4 24. b4 axb4 25. Nxb4 d5 26. exd5 exd5 27. Qd2 Qc5+ 28. Nd4 c3 29. Qc2 Nxf3+ 30. gxf3 Bxd4+ 31. Kg2 Be3 32. Nd3 Qe7 33. Bxe3 Qxe3 34. Rxb7 Re8 35. Nf2 Qe2 36. Qxe2 Rxe2 37. Rc1 d4 38. Kg3 h5 39. Rd7 h4+ 40. Kg2 Rd2 41. Kf1 Re8 42. Rd5 Rd3 43. Nxd3 1-0

[Event "Planas mem"]
[Site "Kelowna CAN"]
[Date "2004.08.08"]
[Round "4.9"]
[White "Kump, John"]
[Black "Kelman, Sean"]
[Result "0-1"]
[WhiteElo "997"]
[BlackElo "1594"]
[PlyCount "82"]
[GameId "2160767911086386"]
[EventDate "2004.08.07"]
[EventType "swiss"]
[EventRounds "5"]
[EventCountry "CAN"]

1. e4 e5 2. Nc3 Nc6 3. Bb5 Nd4 4. Nf3 Nxf3+ 5. gxf3 c6 6. Bc4 b5 7. Bb3 Bc5 8. Rg1 Qh4 9. Rg2 d6 10. d3 Bh3 11. Rg3 Nf6 12. Bg5 Qh5 13. Bxf6 gxf6 14. Qe2 O-O-O 15. O-O-O f5 16. exf5 Bxf5 17. Rdg1 Qxh2 18. Qf1 Qxf2 19. Qxf2 Bxf2 20. Bxf7 Bxg3 21. Rxg3 Rdf8 22. Rg7 h5 23. Bg6 Bxg6 24. Rxg6 Rxf3 25. Rxd6 h4 26. Rxc6+ Kb7 27. Rc5 b4 28. Rxe5 bxc3 29. bxc3 h3 30. Re2 h2 31. Rxh2 Rxh2 32. Kb2 Rxd3 33. a4 Rdd2 34. Kb3 Rxc2 35. c4 Rb2+ 36. Kc3 Rhc2+ 37. Kd3 Ra2 38. c5 Rxc5 39. Kd4 Ra5 40. Ke3 R5xa4 41. Kd3 Rh4 0-1

[Event "Planas mem"]
[Site "Kelowna CAN"]
[Date "2004.08.08"]
[Round "5"]
[White "Raymer, Evan"]
[Black "Kelman, Sean"]
[Result "0-1"]
[WhiteElo "1602"]
[BlackElo "1594"]
[PlyCount "48"]
[GameId "2160767911086387"]
[EventDate "2004.08.07"]
[EventType "swiss"]
[EventRounds "5"]
[EventCountry "CAN"]

1. e4 e5 2. Nf3 Nc6 3. Bc4 Nd4 4. Nxd4 exd4 5. d3 h6 6. O-O Bd6 7. Nd2 Ne7 8. Nb3 O-O 9. Qg4 Be5 10. f4 d5 11. Qg3 Bf6 12. e5 Nf5 13. Qe1 Be7 14. Bb5 c6 15. g4 Ne3 16. Bxe3 dxe3 17. Qxe3 cxb5 18. Rf3 Bxg4 19. Rg3 Bf5 20. Nd4 Bc5 21. Rxg7+ Kxg7 22. Nxf5+ Kg6 23. Qxc5 Kxf5 24. Re1 Qb6 0-1

[Event "Planas mem"]
[Site "Kelowna CAN"]
[Date "2004.08.08"]
[Round "5"]
[White "Whitman, Alan"]
[Black "Marshall, Jim"]
[Result "1/2-1/2"]
[WhiteElo "1664"]
[BlackElo "1654"]
[PlyCount "52"]
[GameId "2160767911086388"]
[EventDate "2004.08.07"]
[EventType "swiss"]
[EventRounds "5"]
[EventCountry "CAN"]

1. e4 c5 2. c3 Nc6 3. d4 d6 4. Nf3 Nf6 5. Nbd2 cxd4 6. cxd4 Qb6 7. d5 Ng4 8. Qe2 Nd4 9. Nxd4 Qxd4 10. Nb3 Qa4 11. f3 Nf6 12. Qb5+ Qxb5 13. Bxb5+ Bd7 14. Bxd7+ Nxd7 15. Be3 a6 16. Rc1 Kd8 17. Ke2 Rc8 18. Rxc8+ Kxc8 19. Rc1+ Kb8 20. Na5 g6 21. Bd4 Rg8 22. Rc3 Bg7 23. Bxg7 Rxg7 24. Rb3 Nc5 25. Rb4 Rg8 26. Nc6+ Kc7 1/2-1/2

[Event "Planas mem"]
[Site "Kelowna CAN"]
[Date "2004.08.08"]
[Round "5.1"]
[White "Neufahrt, Gerhard"]
[Black "Kindret, Mike"]
[Result "1-0"]
[WhiteElo "2052"]
[BlackElo "1849"]
[PlyCount "49"]
[GameId "2160767911086389"]
[EventDate "2004.08.07"]
[EventType "swiss"]
[EventRounds "5"]
[EventCountry "CAN"]

1. e4 c5 2. c3 d5 3. exd5 Qxd5 4. d4 e5 5. dxe5 Qxe5+ 6. Be2 Nc6 7. Nf3 Qd6 8. Nbd2 Nf6 9. Qa4 Bd7 10. Qh4 Be7 11. Nc4 Qc7 12. Bf4 Qc8 13. Nd6+ Bxd6 14. Bxd6 b6 15. O-O-O a6 16. Bc4 Nd8 17. Ng5 Ne6 18. f4 b5 19. Bd5 Nxd5 20. Rxd5 Qd8 21. Re1 Qf6 22. f5 h6 23. fxe6 fxe6 24. Rxc5 Rc8 25. Rce5 1-0